| 000 | 00618nam a2200217 a 4500 | ||
|---|---|---|---|
| 005 | 20210219153455.0 | ||
| 008 | 991125n 000 0 u | ||
| 035 | _aUPN01000101814 | ||
| 100 | _aScott, Anne Firor | ||
| 222 |
_aTEACHING HISTORY : _bA JOURNAL OF METHODS |
||
| 245 | _aTeaching them how to teach themselves | ||
| 300 | _a24-26 | ||
| 362 | _a17, No. 1, 1992 | ||
| 505 | _aMayo 1993 | ||
| 653 | 0 | _aDOCUMENTOS DE INVESTIGACION (ESTUDIANTES) | |
| 653 | 0 | _aINSTRUCCION DE HISTORIA | |
| 653 | 0 | _aMETODOS DE ENSE\197ANZA | |
| 653 | 0 | _aRECURSOS PRIMARIOS | |
| 904 |
_aAC _b039625 |
||
| 905 | _aArticulo | ||
| 999 |
_c77825 _d77825 |
||